2011/2012 Estimates of Recurrent Expenditure of the GOK for the Year Ending 30th June, 2012 (Record no. 1107)

MARC details
000 -LEADER
fixed length control field 00395nam a22001217a 4500
008 - FIXED-LENGTH DATA ELEMENTS--GENERAL INFORMATION
fixed length control field 230612b xxu||||| |||| 00| 0 eng d
082 ## - DEWEY DECIMAL CLASSIFICATION NUMBER
Classification number 354.676
Item number GOK
100 ## - MAIN ENTRY--PERSONAL NAME
Titles and words associated with a name GOK
245 ## - TITLE STATEMENT
Title 2011/2012 Estimates of Recurrent Expenditure of the GOK for the Year Ending 30th June, 2012
Remainder of title Volume 1
Statement of responsibility, etc. Votes R1-R17
Medium June 2011
260 ## - PUBLICATION, DISTRIBUTION, ETC. (IMPRINT)
Place of publication, distribution, etc. Nairobi, Kenya
Name of publisher, distributor, etc. GOK
Date of publication, distribution, etc. June 2011
300 ## - PHYSICAL DESCRIPTION
Extent 652p, xix
942 ## - ADDED ENTRY ELEMENTS (KOHA)
Source of classification or shelving scheme Dewey Decimal Classification
Koha item type Books
Holdings
Withdrawn status Lost status Source of classification or shelving scheme Damaged status Not for loan Home library Current library Date acquired Total Checkouts Full call number Barcode Date last seen Copy number Price effective from Koha item type
    Dewey Decimal Classification     Bunge Tower Library Bunge Tower Library 06/12/2023   352.4908 KEN 100001524 06/12/2023 Vol 1 06/12/2023 Books
LIBRARY OPENING HOURS

When the Parliament is sitting: 8.00a.m - 7.00p.m or until the house adjourns
Mondays and Fridays and when the House is on Recess:  8.00a.m - 5.00p.m
Closed on Weekends and Public Holidays

Online Public Access Catalog (OPAC)
Website: http://www.parliament.go.ke
Bunge Library: https://libraryir.parliament.go.ke
Contact: library@parliament.go.ke | Tel no: (254-2)2221291 or 2848000 Ext 5043